| 000 | 01036nas a2200313 4500 | ||
|---|---|---|---|
| 001 | BR9000988 | ||
| 003 | BR-BrBNA | ||
| 005 | 20231205091821.0 | ||
| 007 | ta | ||
| 008 | 230509b bl.|||p| |||| 00| 00por d | ||
| 040 |
_aBR-BrBNA _bpor _cBiblioteca Nacional de Agricultura |
||
| 041 | _a(Pt) | ||
| 072 | _aF30; F62; P35 | ||
| 100 | 1 | _aReboucas, M.A.A. | |
| 100 | 1 | _aFacanha, J.G.V. | |
| 100 | 1 | _aFerreira, L.G.R. | |
| 100 | 1 | _aPrisco, J.T. | |
| 245 | 1 | _aCrescimento e conteudos de N, P, K e Na em tres cultivares de algodao sob condicoes de estresse salino | |
| 246 | 1 | _aGrowth and N, P, K and Na content of three cotton cultivars under salt stress conditions | |
| 650 | _aALGODAO | ||
| 650 | _aVARIEDADE RESISTENTE | ||
| 650 | _aGERMINACAO | ||
| 650 | _aSALINIDADE | ||
| 650 | _aCRESCIMENTO | ||
| 650 | _aMETABOLISMO MINERAL | ||
| 773 | 0 |
_tRevista Brasileira de Fisiologia Vegetal (Brazil) _xISSN 0103-3131 _g(1989), v. 1(1) p. 79-85 _wBR9000988 |
|
| 909 |
_a202311 _bLúcia _c55 _dLúcia Elande |
||
| 942 |
_2AGRIS _n0 _cANA |
||
| 999 |
_c127545 _d127545 |
||